|
|
|
|
| LEADER |
00000cam a2200000 7i4500 |
| 001 |
0000022975 |
| 005 |
20110117.0 |
| 008 |
110103 my v may |
| 040 |
|
|
|a INS
|
| 090 |
0 |
0 |
|a VCD 1837
|
| 245 |
0 |
0 |
|a Simposim Pegawai Penilaian [
|h cakera video] :
|b Pembentangan kertas kerja (DVD 3) :
|b 11 Ogos 2009
|
| 260 |
|
|
|a Kajang :
|b Instuitut Penilaian Negara ,
|c 2009
|
| 300 |
|
|
|a 1 cakera video (59 min ) :
|b by., wrn. ;
|c 4 3/4 in.
|
| 505 |
0 |
0 |
|a Kertas 1. The importance of english in every aspect of live - Kertas 2. Peluang melanjutkan pelajaran - Kertas 3. Pendekatan bagi pengurusan bantahan di peringkat sisatan (Enquiry)
|
| 650 |
|
0 |
|a Pegawai Penilaian
|x Congresses
|
| 650 |
|
0 |
|a Real estate property
|x Congresses
|z Malaysia
|
| 710 |
1 |
|
|a Institut Penilaian Negara
|
| 999 |
|
|
|a VCD0001837
|b DIGITAL VIDEO CD
|c Media Collection
|e Default branch
|